| 000 | 00536nam a2200205 a 4500 | ||
|---|---|---|---|
| 001 | 12546 | ||
| 003 | CO-ViMGA | ||
| 008 | 141112s2004 ck r 000 u spa d | ||
| 020 | _a8432205966 | ||
| 040 |
_aCO-ViMGA _bspa _cCO-ViMGA |
||
| 082 | 0 | 4 | _aM 868.6 P19p |
| 100 | 1 |
_aOctavio, Paz _918099 |
|
| 245 | 1 | 0 | _aPrimeras letras(1931 - 1943) |
| 260 |
_aBarcelona : _bSeix Barral, _c1990 |
||
| 300 | _a422p. | ||
| 490 | _aBiblioteca Breve | ||
| 650 | 1 | 4 |
_aCOLECCIONES DE ESCRITOS _915663 |
| 650 | 1 | 4 | _aLITERATURA MEXICANA |
| 942 |
_2ddc _cBK |
||
| 999 |
_c23541 _d23541 |
||